000 00695nam a22002177a 4500
003 OSt
005 20250718063955.0
008 250718b |||||||| |||| 00| 0 eng d
020 _a 9780470086581
040 _aDWCL-Main lib
_cOC
082 _aCirc. 150.18 G881h
100 _aGary Groth-Mary
245 _aHandbook of psychological assessment/
_cGary Groth-Marnat
250 _a Fifth edition
260 _aNew Jersey :
_bJohn Wiley & Sons,
_c c2009.
300 _axiv, 752 pages ;
_c 27 cm.
504 _aIncludes ibbliographical references and index.
650 _a1. Personality assessment.
650 _a2. Psychological tests.
942 _2ddc
_cBK-CIRC
_e Fifth edition
_kCirc.
_n0
999 _c3769
_d3769